| 000 | 00615nam a2200229Ia 4500 | ||
|---|---|---|---|
| 003 | OSt | ||
| 005 | 20220928140204.0 | ||
| 006 | a|||||r|||| 00| 0 | ||
| 007 | ta | ||
| 008 | 220927b |||||||| |||| 00| 0 eng d | ||
| 024 | _a7476 | ||
| 037 | _cTextual | ||
| 040 |
_aSDCL _cSDCL _beng |
||
| 041 |
_2eng _aeng |
||
| 082 | _aB27, N7 | ||
| 100 |
_aBhattacharjee Meenaxi _9494589 |
||
| 245 | 0 | _aNotes on infinite permutation groups . | |
| 260 | _c1997 | ||
| 700 |
_a Moller Rognvaldur G _9494590 |
||
| 942 |
_hB27, N7 _cTEXL _2CC |
||
| 999 |
_c810551 _d810551 |
||